00467nam a2200145Ia 4500008004000000082001600040100001100056245003900067260002900106300001000135650001700145942001200162952013200174999001500306150301s205 xx 000 0 und d a617.5bE15N aNAGATO aEPIDEMIOLOGY OF CLIFT LIP & PALATE bQUITESSENCE PUBaUKc205 a1-205 aORAL SURGERY 2ddccBK 00102ddc4070aFDbFDd2015-07-02eABC-DELHIg2624.00iSGTUl0o617.5 E15NpFD7258r2015-07-02 00:00:00w2015-06-05yBKk5698 c6949d6949